000 00657cam a22002531 4500
001 sa 68010760
003 DLC
005 20260227112555.0
008 890711s1967 ii b 000 0 hino
010 _asa 68010760
035 _a(OCoLC)19993992
040 _aDLC
_cWaU
_dDLC
042 _apremarc
043 _aa-ii---
050 0 0 _aJQ220.L3
_bR3
110 2 _aRāshṭrabhāshā Pracāra Samiti, Vardhā.
245 0 0 _aRāshṭrabhāshā-pracāra sarva-saṅgraha.
260 _c[1967]
300 _a124 p.
_c18 cm.
500 _aIn Hindi.
504 _aBibliography: p. 119-124.
651 0 _aIndia
_xLanguages.
650 0 _aHindi language.
999 _c83519
_d83519